[Event "TCh-Moscow 2012"]
[Site "Moscow RUS"]
[Date "2012.10.03"]
[Round "5.2"]
[White "Reshetnikov,Al"]
[Black "Demidov,M"]
[Result "1-0"]
[WhiteElo "2503"]
[BlackElo "2443"]

1.Nf3 d5 2.d4 Nf6 3.c4 e6 4.Nc3 c6 5.e3 Nbd7 6.Qc2 Bd6 7.Bd3 Qe7 8.O-O O-O
9.c5 Bc7 10.e4 dxe4 11.Nxe4 h6 12.Re1 Nxe4 13.Bxe4 Nf6 14.Bd3 Rd8 15.Bd2 Bd7
16.b4 Be8 17.a4 a6 18.Bc4 Nd5 19.Qe4 Nf6 20.Qh4 Nd5 21.Qg4 Qf6 22.Re4 b5
23.Bd3 bxa4 24.Rxa4 Rdb8 25.Ne5 Qe7 26.Re1 f5 27.Qe2 a5 28.Rea1 Qh4 29.bxa5 Rb2
30.Qe1 Bxe5 31.dxe5 Qe7 32.Qc1 Rbb8 33.a6 Qc7 34.Qe1 Bd7 35.Bc4 Qa7 36.Be3 f4
37.Bd4 f3 38.Qe4 fxg2 39.Bd3 Be8 40.Qh7+ Kf8 41.Qh8+ Kf7 42.Be3 Qe7 43.Rg4 Qf8
44.Qh7 Qg8 45.Rxg7+ Qxg7 46.Bg6+ Kf8 47.Bxh6 Qxh6 48.Qxh6+ Ke7 49.Qg7+ Kd8
50.a7 Rc8 51.Qf8 Kc7 52.Bxe8 Rxe8 53.Qd6+  1-0

[Event "TATA 50th ch-IND National Premier"]
[Site "Kolkata IND"]
[Date "2012.10.04"]
[Round "4.3"]
[White "Adhiban,Baskaran"]
[Black "Sundararajan,K"]
[Result "1/2-1/2"]
[WhiteElo "2564"]
[BlackElo "2450"]

1.d4 d5 2.c4 c6 3.Nc3 Nf6 4.e3 e6 5.Nf3 Nbd7 6.Qc2 Bd6 7.g4 h6 8.h3 e5 9.Bd2 exd4
10.Nxd4 Ne5 11.cxd5 Nxd5 12.Nxd5 cxd5 13.Bc3 O-O 14.O-O-O Qe7 15.Nb5 Bb4
16.Bxb4 Qxb4 17.Rxd5 Be6 18.a3 Qa5 19.Qd2 Rac8+ 20.Kb1 Bxd5 21.Qxa5 Be4+
22.Ka2 Bd5+ 23.Kb1 Be4+ 24.Bd3 Bxd3+ 25.Ka1 Rc5 26.a4 a6 27.Qb6 Rc6 28.Qd4 axb5
29.Qxe5 Ra8 30.b3 bxa4 31.b4 Rac8 32.b5 Rc3 33.Qd6 Bxb5 34.Rb1 Rd3 35.Qe7 Bc6
36.Rb4 Rd2 37.Rb2 Rd1+ 38.Rb1 Rd3 39.Rb4 Rcd8 40.Rd4 R8xd4 41.exd4 Rxd4 42.Qe3 Re4
43.Qd2 g5 44.f3 Rf4 45.h4 Kg7 46.Qa5 f6 47.Qc7+ Kg8 48.Qd8+ Kf7 49.Qh8 Rxf3
50.Qxh6 gxh4 51.Qxh4 a3 52.g5 fxg5 53.Qxg5 Ke6 54.Qg6+ Ke5 55.Qg7+ Ke4 56.Qe7+ Kd4
57.Qb4+ Kd5 58.Qd2+ Kc5 59.Qc2+ Kd6 60.Qg6+ Kc7 61.Qg7+ Kb8 62.Qe5+ Kc8 63.Qd6 Bd7
64.Qc5+  1/2-1/2

[Event "TATA 50th ch-IND National Premier"]
[Site "Kolkata IND"]
[Date "2012.10.04"]
[Round "4.1"]
[White "Swapnil,SD"]
[Black "Gopal,G"]
[Result "1/2-1/2"]
[WhiteElo "2459"]
[BlackElo "2544"]

1.d4 d5 2.c4 c6 3.Nc3 Nf6 4.e3 e6 5.Nf3 Nbd7 6.Qc2 Bd6 7.b3 O-O 8.Be2 b6
9.O-O Bb7 10.Bb2 Qe7 11.Rad1 Rfe8 12.Rfe1 Rad8 13.Bf1 e5 14.dxe5 Nxe5 15.Nxe5 Bxe5
16.cxd5 cxd5 17.Nb5 Bxh2+ 18.Kxh2 Ng4+ 19.Kg3 Qg5 20.f4 Qh5 21.Bd4 g5 22.fxg5 Qxg5
23.Kf3 Qh5 24.Kg3 Qg5 25.Kf3 Qh5 26.Kg3 Qg5  1/2-1/2

[Event "TATA 50th ch-IND National Premier"]
[Site "Kolkata IND"]
[Date "2012.10.04"]
[Round "4.4"]
[White "Debashis,D"]
[Black "Deepan,C"]
[Result "0-1"]
[WhiteElo "2454"]
[BlackElo "2523"]

1.Nf3 Nf6 2.d4 d5 3.c4 c6 4.e3 e6 5.Nc3 Nbd7 6.Qc2 Bd6 7.Bd3 dxc4 8.Bxc4 b5
9.Be2 Bb7 10.O-O O-O 11.e4 e5 12.Be3 Re8 13.Rfd1 Qc7 14.h3 exd4 15.Nxd4 Bh2+
16.Kh1 Bf4 17.Bxf4 Qxf4 18.Bf3 Ne5 19.g3 Qh6 20.Bg2 Bc8 21.Nf5 Bxf5 22.exf5 Rab8
23.Rd6 c5 24.a4 b4 25.Nb5 c4 26.Kg1 Qh5 27.g4 Qh4 28.Nxa7 h5 29.Nc6 Nxc6
30.Rxc6 c3 31.a5 hxg4 32.Rc4 Rbd8 33.bxc3 b3 34.Qb2 Qg5 35.h4 Qxf5 36.a6 Qc2
37.Qxc2 bxc2 38.Rd4 Rc8 39.c4 Red8 40.Rxd8+ Rxd8 41.a7 Rd1+ 42.Rxd1 cxd1=Q+
43.Kh2 Qd6+ 44.Kg1 Qd1+ 45.Kh2 Qe2 46.a8=Q+ Kh7 47.Qa7 Qxc4 48.Qe3 Nh5 49.Qe4+ Qxe4
50.Bxe4+ g6 51.Bb7 f5 52.Bc8 Kh6 53.Bb7 Nf4 54.Ba6 Kh5 55.Kg3 Ne6 56.Bd3 Nc5
57.Bc2 Ne4+ 58.Kg2 Kxh4 59.Bb1 Kg5 60.Bc2 Kf4 61.Bd3  0-1

[Event "TCh-AUT 2 West 2012-13"]
[Site "Hohenems AUT"]
[Date "2012.10.05"]
[Round "1.2"]
[White "Graf,F"]
[Black "Froewis,G"]
[Result "1-0"]
[WhiteElo "2471"]
[BlackElo "2399"]

1.d4 d5 2.c4 c6 3.Nc3 Nf6 4.e3 e6 5.Nf3 Nbd7 6.Qc2 Bd6 7.b3 O-O 8.Bd3 Qe7
9.Bb2 Re8 10.c5 Bc7 11.b4 e5 12.dxe5 Nxe5 13.Nxe5 Bxe5 14.Ne2 a5 15.Bxe5 Qxe5
16.O-O axb4 17.Nd4 Ra3 18.Rfc1 Ng4 19.Nf3 Qh5 20.Rab1 Rc3 21.Qd2 Rxd3 22.Qxd3 Bf5
23.Qd1 Bxb1 24.Rxb1 Re4 25.Qa4 h6 26.h3 Ne5 27.Qa8+ Kh7 28.Nxe5 Qxe5 29.Qxb7 d4
30.exd4 Qxd4 31.Qxc6 Rf4 32.Rf1 Rf5 33.Qd6 Qc4 34.Rd1 Rxc5 35.Rd4 Qc3 36.Kh2 Rc4
37.Rd3 Qc1 38.Rf3 f6 39.Qd3+ Kg8 40.Re3 Rc7 41.Qd5+ Rf7 42.g3 Qc7 43.Re8+ Kh7
44.Qf5+ g6 45.Qd5 Qa7 46.Kg1 Qd7 47.Qa8 g5 48.Rh8+ Kg6 49.Qe4+ f5 50.Qxb4 Qd1+
51.Kh2 Qf3 52.Qd6+ Rf6 53.Rxh6+ Kxh6 54.Qxf6+ Kh7 55.Qe7+ Kg6 56.Qe6+ Kh7
57.Qe3  1-0

[Event "TCh-AUT 2 West 2012-13"]
[Site "Hohenems AUT"]
[Date "2012.10.05"]
[Round "1.4"]
[White "Dobosz,H"]
[Black "Baldauf,Marc"]
[Result "1/2-1/2"]
[WhiteElo "2385"]
[BlackElo "2381"]

1.d4 d5 2.c4 c6 3.Nc3 Nf6 4.e3 e6 5.Nf3 Nbd7 6.Qc2 Bd6 7.b3 O-O 8.Bb2 Qe7
9.Be2 b6 10.O-O Bb7 11.e4 Nxe4 12.Nxe4 dxe4 13.Qxe4 Nf6 14.Qh4 c5 15.Rad1 Rad8
16.Rfe1 cxd4 17.Nxd4 Bb4 18.Bd3 Bxe1 19.Bxh7+ Kh8 20.Bd3+ Kg8 21.Bh7+ Kh8
22.Bd3+ Kg8 23.Bh7+  1/2-1/2

[Event "TCh-ISL 2012-13"]
[Site "Reykjavik ISL"]
[Date "2012.10.05"]
[Round "1.4"]
[White "Hammer,J"]
[Black "Andersen,Mad"]
[Result "1-0"]
[WhiteElo "2636"]
[BlackElo "2461"]

1.d4 d5 2.c4 c6 3.Nf3 Nf6 4.Nc3 e6 5.e3 a6 6.Qc2 c5 7.cxd5 exd5 8.Be2 Be6
9.O-O Nc6 10.Rd1 Nb4 11.Qb1 Qc8 12.Bd2 Bf5 13.Qc1 Nc2 14.Rb1 Nb4 15.a3 Bxb1
16.Qxb1 Nc6 17.Na4 Qc7 18.dxc5 Rd8 19.Bc3 Ne4 20.b4 Nxc3 21.Nxc3 Rd7 22.Nxd5 Qd8
23.Qe4+ Be7 24.Ne5 Nxe5 25.Qxe5 O-O 26.Bg4 Bf6 27.Qf5 Rxd5 28.Rxd5 Qe8 29.Rd7 Bb2
30.a4 Ba3 31.Rxb7 h5 32.Bxh5 g6 33.Bxg6 fxg6 34.Qd5+ Rf7 35.c6  1-0

[Event "TCh-Central SRB 2012"]
[Site "Vrnjacka Banja SRB"]
[Date "2012.10.05"]
[Round "9.1"]
[White "Djokic,Nen"]
[Black "Pajic,M"]
[Result "1-0"]
[WhiteElo "2401"]
[BlackElo "2177"]

1.d4 d5 2.c4 e6 3.Nf3 Nf6 4.Nc3 c6 5.e3 Nbd7 6.Qc2 Bd6 7.Bd3 O-O 8.O-O dxc4
9.Bxc4 e5 10.Bb3 exd4 11.exd4 h6 12.Bxh6 Kh8 13.Bg5 Qc7 14.Rfe1  1-0

[Event "FSFMA2 October 2012"]
[Site "Budapest HUN"]
[Date "2012.10.06"]
[Round "1.5"]
[White "Kaufmann,Attila"]
[Black "Al Hageri,B"]
[Result "1/2-1/2"]
[WhiteElo "1941"]
[BlackElo "1978"]

1.d4 Nf6 2.Nf3 d5 3.c4 c6 4.e3 e6 5.Nc3 Nbd7 6.Bd3 dxc4 7.Bxc4 b5 8.Bd3 Bb7
9.O-O a6 10.a3 c5 11.Qe2 Bd6 12.Rd1 Qc7 13.Bd2 O-O 14.h3 Rfd8 15.Rac1 e5
16.dxc5 Nxc5 17.Bc2 Rac8 18.Bf5 Nb3 19.Bxc8 Nxc1 20.Rxc1 Rxc8 21.Nxb5 Qxc1+
22.Bxc1 Rxc1+ 23.Ne1 axb5 24.Qd2 Rc6 25.f3 e4 26.Nc2 exf3 27.gxf3 Bc7 28.Nd4 Rc5
29.Qb4 Rg5+ 30.Kf2 Bg3+ 31.Ke2 Nd5 32.Qa5 Bc7 33.Qa7  1/2-1/2

[Event "Frau Bundesliga Div1 2012-13"]
[Site "Germany GER"]
[Date "2012.10.06"]
[Round "1.2"]
[White "Schmidt,Jessica"]
[Black "Misanovic,V"]
[Result "1/2-1/2"]
[WhiteElo "2273"]
[BlackElo "2326"]

1.d4 d5 2.Nf3 c6 3.c4 e6 4.Nc3 Nf6 5.e3 Bb4 6.a3 Ba5 7.Bd3 Nbd7 8.O-O O-O
9.b4 Bc7 10.e4 dxc4 11.Bxc4 e5 12.Bg5 Qe7 13.d5 Nb6 14.Qb3 Bg4 15.Nd2 h6
16.Be3 Rad8 17.a4 cxd5 18.exd5 e4 19.Bc5 Qe5 20.g3 Bd6 21.Rfe1 Bf5 22.Nf3 Qe7
23.Nd4 Bg6 24.Bxd6 Qxd6 25.Ndb5 Qb8 26.a5 Nxc4 27.Qxc4 a6 28.Na3 Qe5 29.f4 Qh5
30.Rad1 Bf5 31.Qd4 Bg4 32.Rd2 Bf3 33.Nc4 Qh3 34.Ne5 h5 35.Qf2 e3 36.Rxe3 Bg4
37.Qg2 Qxg2+ 38.Kxg2 Bf5 39.d6 Ne8 40.Nd5 Rxd6 41.Ne7+ Kh7 42.Rxd6  1/2-1/2

[Event "TCh-NED Meesterklasse 2012-13"]
[Site "Netherland NED"]
[Date "2012.10.06"]
[Round "2.8"]
[White "Hoeksema,E"]
[Black "Roggeveen,P"]
[Result "1-0"]
[WhiteElo "2347"]
[BlackElo "2207"]

1.d4 d5 2.c4 e6 3.Nc3 c6 4.e3 Nf6 5.Nf3 Nbd7 6.Qc2 Bd6 7.e4 dxe4 8.Nxe4 Nxe4
9.Qxe4 c5 10.Bd2 Nf6 11.Qc2 O-O 12.dxc5 Bxc5 13.b4 Be7 14.Bc3 Qc7 15.Bd3 b6
16.O-O h6 17.Rfe1 Bb7 18.Ne5 Rac8 19.Re3 Rfd8 20.Rae1 Bd6 21.Qe2 Nd7 22.Nxf7 Kxf7
23.Qh5+ Kg8 24.Rxe6 Bxh2+ 25.Qxh2 Qxh2+ 26.Kxh2 Nc5 27.bxc5 Rxd3 28.Bxg7 Rxc5
29.Ba1 Rh5+ 30.Kg1 Rd7 31.Re7 Rxe7 32.Rxe7 Ba6 33.Rxa7 Bxc4 34.Bd4 Ra5 35.Rg7+ Kf8
36.Rc7 b5 37.Bg7+ Ke8 38.Bxh6 Rxa2 39.Be3 Rc2 40.Rb7 Kf8 41.g4 Bd3 42.Kh2 Rc4
43.Kg3 Re4 44.Bc5+ Kg8 45.f4 Be2 46.Bd6 Re6 47.Be7 Rg6 48.g5 Bd3 49.Bf6 b4
50.Kg4 Kf8 51.f5 Rxf6 52.gxf6 Bc4 53.Rxb4 Bd5 54.Kg5 Bf7 55.Rb8+ Be8 56.Kh6 Kf7
57.Rxe8  1-0

[Event "TCh-ROU League A 2012"]
[Site "Olanesti ROU"]
[Date "2012.10.06"]
[Round "1.5"]
[White "Andronescu,M"]
[Black "Acsinte,M"]
[Result "1-0"]
[WhiteElo "2032"]
[BlackElo "2024"]

1.d4 d5 2.c4 c6 3.Nf3 Nf6 4.Nc3 e6 5.e3 Nbd7 6.Bd3 Bd6 7.O-O O-O 8.e4 dxe4
9.Nxe4 Nxe4 10.Bxe4 f5 11.Bc2 e5 12.c5 Bc7 13.Bb3+ Kh8 14.Ng5 Qf6 15.Nxh7 Qg6
16.Nxf8 Nxf8 17.dxe5 Nd7 18.Qd4 Nxe5 19.Qh4+ Qh7 20.Qxh7+ Kxh7 21.f4 Nd3
22.Be3 b6 23.Rad1 Ba6 24.Rf3 bxc5 25.Bf7 g6 26.Rg3 Nxf4 27.Bxg6+ Kh8 28.Bxf4 Bxf4
29.Rh3+ Kg7 30.Bxf5 Rf8 31.g4 Be5 32.b3 Bd4+ 33.Kg2 Re8 34.Rd2 Re1 35.Bd3 Bc8
36.Rg3 Be5 37.Re2 Bxg3 38.hxg3 Rxe2+ 39.Bxe2 Kf6 40.Kf3 Ke5 41.Bd3 Be6 42.g5 Kd4
43.Bc4 Bf5 44.Bf7 Ke5 45.g6 Kf6 46.Kf4 Bb1 47.a3 a5 48.Ke3 Bc2 49.Kd2 Be4
50.Kc3 Bd5  1-0

[Event "TCh-ISL 2012-13"]
[Site "Reykjavik ISL"]
[Date "2012.10.06"]
[Round "3.2"]
[White "Stefansson,H"]
[Black "Halldorsson,Br"]
[Result "1-0"]
[WhiteElo "2510"]
[BlackElo "2183"]

1.d4 c6 2.c4 d5 3.Nc3 Nf6 4.e3 e6 5.Nf3 Nbd7 6.Qc2 Bd6 7.Bd3 dxc4 8.Bxc4 b5
9.Bd3 Bb7 10.Ne4 Be7 11.Bd2 a5 12.O-O O-O 13.Nxf6+ Nxf6 14.e4 g6 15.Be3 Rc8
16.h3 Nd7 17.Qe2 Qc7 18.Rac1 Qb8 19.Nd2 e5 20.dxe5 Qxe5 21.Nb3 a4 22.f4 Qb8
23.Nc5 Nxc5 24.Bxc5 Bxc5+ 25.Rxc5 Qd6 26.Qc2 Rcd8 27.Rf3 Qd4+ 28.Kh2 Rfe8
29.e5 Qb4 30.a3 Qe1 31.Rg3 Rd4 32.f5 Rxe5 33.fxg6 hxg6 34.Bxg6 Kf8 35.Bxf7 Rd1
36.Rg8+ Kxf7 37.Qh7+ Kf6 38.Rg6+  1-0

[Event "TCh-ISL 2012-13"]
[Site "Reykjavik ISL"]
[Date "2012.10.06"]
[Round "3.3"]
[White "Hammer,J"]
[Black "Zherebukh,Y"]
[Result "1/2-1/2"]
[WhiteElo "2636"]
[BlackElo "2628"]

1.d4 d5 2.c4 c6 3.Nf3 Nf6 4.Nc3 e6 5.e3 Nbd7 6.Qc2 Bd6 7.Bd3 O-O 8.O-O dxc4
9.Bxc4 b5 10.Be2 Bb7 11.Rd1 Qb8 12.e4 e5 13.g3 Re8 14.dxe5 Nxe5 15.Bg5 Nxf3+
16.Bxf3 Be5 17.Bg2 h6 18.Bxf6 Bxf6 19.f4 Bxc3 20.bxc3 Qc7 21.e5 Rad8 22.Rxd8 Rxd8
23.Rd1 Bc8 24.h3 Be6 25.Rd4 c5 26.Rxd8+ Qxd8 27.a3 g6 28.g4 Bc4 29.f5 Qg5
30.Qe4 Qc1+ 31.Kh2 Qxc3 32.fxg6 Qd2 33.Qf5 Qe3 34.h4 Be6 35.gxf7+ Bxf7 36.Be4 Qe2+
37.Kh3 Qe3+ 38.Kh2  1/2-1/2

[Event "TCh-AUT 2 East 2012-13"]
[Site "Austria AUT"]
[Date "2012.10.07"]
[Round "2.2"]
[White "Heiny,J"]
[Black "Kostic,VG"]
[Result "0-1"]
[WhiteElo "2264"]
[BlackElo "2417"]

1.d4 d5 2.c4 c6 3.Nc3 Nf6 4.e3 e6 5.Nf3 Nbd7 6.Bd3 Bd6 7.e4 dxe4 8.Nxe4 Nxe4
9.Bxe4 Nf6 10.Bc2 b6 11.O-O Bb7 12.Bg5 Qc7 13.a4 a5 14.Qe2 O-O-O 15.Rfd1 h6
16.Bh4 c5 17.Bxf6 gxf6 18.Be4 Ba6 19.d5 f5 20.Bd3 Rhe8 21.Qc2 Bb7 22.Qc3 Kb8
23.Bc2 Rg8 24.Re1 exd5 25.cxd5 Bxd5 26.Bxf5 Bxh2+ 27.Kh1 Bd6 28.Be4 Be6 29.Rad1 Rge8
30.Bd5 Bxd5 31.Rxd5 Rxe1+ 32.Qxe1 Qe7 33.Qxe7 Bxe7 34.Rxd8+ Bxd8 35.Ne5 Kc7
36.Nxf7 Bf6 37.b3 Bg7 38.g4 Kd7 39.g5 hxg5 40.Nxg5 Kd6 41.f4 Kd5 42.f5 c4
43.bxc4+ Kxc4 44.Ne6 Be5 45.Nf8 b5 46.Nd7 Bd4 47.axb5 Kxb5 48.f6 a4 49.f7 Bg7
50.Nf6 a3 51.Ne4 Kb4 52.Nf2 a2 53.Nd3+ Kc3  0-1

[Event "TCh-HUN 2012-13"]
[Site "Decs HUN"]
[Date "2012.10.07"]
[Round "2"]
[White "Bodiroga,P"]
[Black "Pataki,G"]
[Result "1/2-1/2"]
[WhiteElo "2394"]
[BlackElo "2367"]

1.d4 d5 2.c4 c6 3.Nc3 Nf6 4.e3 e6 5.Nf3 Nbd7 6.Qc2 Bd6 7.Be2 O-O 8.O-O dxc4
9.a4 e5 10.Bxc4 Qe7 11.h3 Re8 12.Ng5 Rf8 13.Bd2 h6 14.Nge4 Nxe4 15.Nxe4 exd4
16.Nxd6 Qxd6 17.exd4 Nb6 18.Ba2 Nd5 19.Rae1 Be6 20.Re5 Rfe8 21.Rfe1 Bd7 22.a5 f6
23.Rxe8+ Rxe8 24.Rxe8+ Bxe8 25.Bb1 Kf8 26.Qb3 Qd7 27.Ba2 a6 28.Bb4+ Nxb4
29.Qxb4+ Qe7 30.Qc5 Bf7 31.Bb1 Qxc5 32.dxc5 Ke7 33.f4 g6 34.Kf2 f5 35.g4 Kf6
36.gxf5 gxf5 37.Ke3 Be6 38.Kd4 Bf7 39.Bd3 Be6 40.Be2 Bf7 41.b4 Be8 42.Bf3 Bd7
43.Ke3 Be8 44.Kd4  1/2-1/2

[Event "TCh-HUN 2012-13"]
[Site "Kecskemet HUN"]
[Date "2012.10.07"]
[Round "2"]
[White "Keresztes,R"]
[Black "Balazs,G2"]
[Result "1/2-1/2"]
[WhiteElo "2237"]
[BlackElo "2422"]

1.d4 d5 2.c4 c6 3.Nc3 Nf6 4.Nf3 e6 5.e3 Nbd7 6.b3 Bd6 7.Bb2 O-O 8.Be2 Ne4
9.Nxe4 dxe4 10.Nd2 f5 11.Qc2 a5 12.a3 Qe7 13.c5 Bc7 14.b4 axb4 15.axb4 Rxa1+
16.Bxa1 Nf6 17.Qb3 Nd5 18.g3 Bd7 19.O-O Qg5 20.Bc4 h5 21.Bxd5 exd5 22.f4 Qg4
23.Qd1 Ra8 24.Qxg4 fxg4 25.Bc3 Ra3 26.Nb1 Ra2 27.Rf2 Ra4 28.Rb2 Kf7 29.Rb3 Ra2
30.Rb2 Ra8 31.Rb3 g5 32.Ra3 Re8 33.Ra7 Bc8 34.fxg5 Bb8 35.Ra8 Bd7 36.Kg2 Kg6
37.Be1 Kxg5 38.Nd2 Bc7 39.Ra7 Bc8 40.Nb3 Kf6  1/2-1/2

[Event "13th Karpov GM"]
[Site "Poikovsky RUS"]
[Date "2012.10.07"]
[Round "9"]
[White "Ponomariov,R"]
[Black "Rublevsky,S"]
[Result "1-0"]
[WhiteElo "2729"]
[BlackElo "2693"]

1.d4 d5 2.c4 c6 3.Nc3 Nf6 4.e3 e6 5.Nf3 a6 6.Bd3 dxc4 7.Bxc4 c5 8.O-O b5
9.Be2 Bb7 10.dxc5 Qxd1 11.Rxd1 Bxc5 12.Nd2 Nc6 13.Nde4 Be7 14.Nd6+ Bxd6 15.Rxd6 Ke7
16.Rd1 Rhd8 17.Bd2 Ne5 18.Be1 Rac8 19.Kf1 Rxd1 20.Rxd1 Nc4 21.b3 Nb6 22.Bd3 b4
23.Ne2 a5 24.f3 Nfd7 25.e4 Nc5 26.Bb5 Ba6 27.Bxa6 Nxa6 28.Bg3 Nd7 29.Bd6+ Ke8
30.Rc1 Rxc1+ 31.Nxc1 Ndc5 32.Ke2 Nb7 33.Bg3 Kd7 34.Kd3 f6 35.Kc4 Kc6 36.e5 f5
37.Ne2 Nc7 38.Nd4+ Kd7 39.Bf4 Nd8 40.Kc5 Nb7+ 41.Kb6 Nd5+ 42.Kxb7 Nxf4 43.g3 Nd3
44.f4 g5 45.Ne2 a4 46.Kb6 axb3 47.axb3 gxf4 48.gxf4 h5 49.Kb5 h4 50.Kc4 Nf2
51.Ng1 h3 52.Nf3 Kc6 53.Ng5 Kd7 54.Kb5 Ke7 55.Kc6 Nd3 56.Nxh3 Nc1 57.Kc5 Nxb3+
58.Kxb4 Nd4 59.Nf2 Nf3 60.h3 Nh4 61.Nd3 Ng6 62.Kc5 Nh4 63.Ne1 Kd7 64.Kb6 Ng6
65.Ng2 Ne7 66.h4 Nd5+ 67.Kc5 Ke7 68.h5 Kf7 69.h6 Nc3 70.h7 Kg7 71.Kd6 Kxh7
72.Kxe6 Kg6 73.Ne3 Ne2 74.Nd5 Nd4+ 75.Ke7 Nc6+ 76.Kd7 Nb8+ 77.Kd6  1-0

[Event "TCh-ISL 2012-13"]
[Site "Reykjavik ISL"]
[Date "2012.10.07"]
[Round "4.2"]
[White "Thorfinnsson,Br"]
[Black "Karlsson,MiJ"]
[Result "1-0"]
[WhiteElo "2480"]
[BlackElo "1940"]

1.d4 d5 2.c4 c6 3.Nc3 Nf6 4.e3 e6 5.Nf3 Nbd7 6.Qc2 Bd6 7.g4 h6 8.h3 a6 9.c5 Bc7
10.Bd2 Qe7 11.O-O-O b6 12.cxb6 Nxb6 13.Rg1 Bb7 14.h4 Rc8 15.g5 hxg5 16.hxg5 Nfd7
17.Be2 c5 18.Rh1 Rxh1 19.Rxh1 cxd4 20.exd4 Bd6 21.Qb3 Qd8 22.Rh8+ Nf8 23.g6 f6
24.Kb1 Qc7 25.Rg8 Rb8 26.Ka1 Bc6 27.Qc2 Bb5 28.Qd1 Nc4 29.Bc1 Bb4 30.Nxb5 axb5
31.Ne1 Rc8 32.Nd3 Bd6 33.Bg4 Qe7 34.Qe2 Kd7 35.b3 f5 36.Bf3 Na3 37.Nc5+ Bxc5
38.dxc5 Qxc5 39.Rxg7+ Kd6 40.Bf4+ Kc6 41.Qe5 Nc2+ 42.Kb2 Qa3+ 43.Kxc2 Qxa2+
44.Qb2 Ra8 45.Rc7+ Kb6 46.g7 Qxb2+ 47.Kxb2 Ng6 48.Bd6 Rd8 49.Rf7 Rg8 50.Bh5  1-0

[Event "4th Grand Prix FFE 2012"]
[Site "Villandry FRA"]
[Date "2012.10.07"]
[Round "3.1"]
[White "Vachier Lagrave,M"]
[Black "Fressinet,L"]
[Result "0-1"]
[WhiteElo "2705"]
[BlackElo "2702"]

1.c4 e6 2.Nc3 d5 3.d4 c6 4.e3 Nf6 5.Nf3 Nbd7 6.Bd3 dxc4 7.Bxc4 b5 8.Bd3 b4
9.Ne4 Nxe4 10.Bxe4 Bb7 11.O-O Bd6 12.Qc2 Rc8 13.a3 f5 14.Bd3 c5 15.d5 c4
16.dxe6 cxd3 17.Qxd3 Nc5 18.Qxf5 Qf6 19.Qxf6 gxf6 20.Nd4 b3 21.Bd2 Be5 22.Rac1 Rg8
23.f3 Nd3 24.Rc3 Rxc3 25.Bxc3 Bxd4 26.Bxd4 Ke7 27.Rd1 Ba6 28.Bxa7 Rc8 29.Bd4 Rc2
30.a4 Kxe6  0-1

[Event "FSFMA1 October 2012"]
[Site "Budapest HUN"]
[Date "2012.10.08"]
[Round "2.3"]
[White "Nasser,Bader"]
[Black "Wanger,T"]
[Result "0-1"]
[WhiteElo "2021"]
[BlackElo "1932"]

1.d4 d5 2.c4 c6 3.Nc3 Nf6 4.e3 e6 5.Nf3 Nbd7 6.Qc2 Be7 7.Bd3 O-O 8.b3 b6
9.O-O Bb7 10.Ne5 h6 11.f4 c5 12.cxd5 Nxd5 13.Nxd5 Bxd5 14.e4 Nxe5 15.dxe5 Bb7
16.Be3 Qc7 17.Rf3 Rfd8 18.Raf1 Bf8 19.f5 Qxe5 20.fxe6 fxe6 21.Rf7 Bc6 22.Kh1 Bd6
23.Bf4 Qd4 24.e5 Bxe5 25.Bh7+ Kh8 26.Bxh6 gxh6 27.Qe2 Qb2 28.Bc2 Bg7 29.Qg4 Rd2
30.Be4 Bxe4 31.Qxe4 Rad8 32.Qg4 Qd4 33.Qg3 Rd1 34.h3 Rxf1+ 35.Rxf1 Rf8 36.Rxf8+ Bxf8
37.Qb8 Qd1+ 38.Kh2 Qd6+  0-1

[Event "TCh-ROU League A 2012"]
[Site "Olanesti ROU"]
[Date "2012.10.08"]
[Round "3.5"]
[White "Andronescu,M"]
[Black "Vasile,Cl"]
[Result "1-0"]
[WhiteElo "2032"]
[BlackElo "2110"]

1.d4 d5 2.c4 e6 3.Nf3 Nf6 4.e3 c6 5.Nc3 Bd6 6.Bd3 Nbd7 7.O-O O-O 8.e4 dxe4
9.Nxe4 Nxe4 10.Bxe4 Nf6 11.Bc2 Re8 12.Qd3 g6 13.Bg5 Be7 14.Rad1 Kg7 15.Ne5 Ng8
16.Bc1 f5 17.Qh3 Bf6 18.Rfe1 c5 19.dxc5 Qc7 20.Qe3 Bxe5 21.Qxe5+ Qxe5 22.Rxe5 Nf6
23.Ba4 Re7 24.b4 a5 25.b5 Nd7 26.Bb2 Nxe5 27.Bxe5+ Kf7 28.b6 g5 29.f3 Kg6
30.Rd8 f4 31.c6 bxc6 32.Bxc6 Bb7 33.Rxa8 Bxc6 34.Rxa5 Rd7 35.Rc5 Bb7 36.Rc7 Rxc7
37.Bxc7 h5 38.a4 Kf7 39.Bd8 g4 40.Bc7 gxf3 41.gxf3 Ke7 42.Kf2 Kd7 43.Bxf4 Kc6
44.Be3 Ba6 45.Kg3 Bxc4 46.Kh4 Be2 47.Kxh5 Bxf3+ 48.Kg5  1-0

[Event "TCh-ROU League A 2012"]
[Site "Olanesti ROU"]
[Date "2012.10.08"]
[Round "3.2"]
[White "Florescu,C"]
[Black "Aldea,L"]
[Result "1-0"]
[WhiteElo "2238"]
[BlackElo "2340"]

1.d4 d5 2.c4 c6 3.Nf3 Nf6 4.e3 e6 5.Nc3 Bd6 6.Qc2 Nbd7 7.a3 O-O 8.Bd3 dxc4
9.Bxc4 b5 10.Ba2 Bb7 11.O-O a5 12.Rd1 Qe7 13.e4 e5 14.dxe5 Nxe5 15.Nd4 Bc5
16.Bf4 Nh5 17.Nf5 Qf6 18.Ne2 Be7 19.Bxe5 Qxe5 20.Rd7  1-0

[Event "FSFMA2 October 2012"]
[Site "Budapest HUN"]
[Date "2012.10.09"]
[Round "3.4"]
[White "Kaufmann,Attila"]
[Black "Havaskori,L"]
[Result "1-0"]
[WhiteElo "1941"]
[BlackElo "1933"]

1.d4 Nf6 2.Nf3 e6 3.c4 d5 4.Nc3 c6 5.e3 Nbd7 6.Bd3 dxc4 7.Bxc4 b5 8.Bd3 a6
9.O-O Bb7 10.Qe2 b4 11.Ne4 Nxe4 12.Bxe4 Nf6 13.Bc2 Be7 14.Rd1 Qc7 15.e4 h5
16.Bg5 h4 17.Ba4 Kf8 18.Rac1 Qa5 19.Bxc6 Bxc6 20.Rxc6 Qxa2 21.Qc2 Rd8 22.Rc7 Qa5
23.Rxe7 Kxe7 24.e5 h3 25.Qd2 hxg2 26.Qf4 Ke8 27.exf6 g6 28.Rc1 Rh3 29.Kxg2 Rxf3
30.Kxf3 Qd5+ 31.Kg3 Qxd4 32.Qxd4 Rxd4 33.Rc8+ Kd7 34.Rf8 e5 35.Rxf7+ Ke6
36.Re7+  1-0

[Event "3rd Copa Latino-Americana"]
[Site "Cali COL"]
[Date "2012.10.09"]
[Round "9.26"]
[White "Salcedo,Di"]
[Black "Toro Henao,Juan Sebastian"]
[Result "1-0"]
[WhiteElo "2014"]
[BlackElo "1798"]

1.c4 c6 2.Nc3 d5 3.d4 Nf6 4.e3 e6 5.Nf3 Bd6 6.Bd3 O-O 7.O-O Nbd7 8.e4 dxe4
9.Nxe4 Nxe4 10.Bxe4 Nf6 11.Bc2 c5 12.Bg5 cxd4 13.Qxd4 Be7 14.Qh4 h6 15.Bxh6 gxh6
16.Qxh6 Qa5 17.Ng5 Qe5 18.Rae1 Qxb2 19.Re3 e5 20.Rg3 Bg4 21.Rxg4  1-0

[Event "TCh-ROU League A 2012"]
[Site "Olanesti ROU"]
[Date "2012.10.09"]
[Round "4.6"]
[White "Stegariu,A"]
[Black "Anuta,L"]
[Result "1/2-1/2"]
[WhiteElo "2129"]
[BlackElo "2064"]

1.c4 Nf6 2.Nc3 e6 3.Nf3 d5 4.d4 c6 5.e3 Bd6 6.Bd3 Nbd7 7.O-O dxc4 8.Bxc4 O-O
9.e4 Be7 10.a4 c5 11.e5 Ng4 12.h3 cxd4 13.hxg4  1/2-1/2

[Event "FSFMA1 October 2012"]
[Site "Budapest HUN"]
[Date "2012.10.11"]
[Round "5.5"]
[White "Henrichsen,J"]
[Black "Nasser,Bader"]
[Result "1-0"]
[WhiteElo "1908"]
[BlackElo "2021"]

1.d4 d5 2.c4 c6 3.Nc3 Nf6 4.e3 e6 5.Nf3 Nbd7 6.Bd3 Bd6 7.O-O O-O 8.e4 dxc4
9.Bxc4 e5 10.Kh1 h6 11.h3 Qe7 12.Nh4 Rd8 13.Nf5 Qf8 14.Nxd6 Qxd6 15.dxe5 Nxe5
16.Qxd6 Rxd6 17.Bf4 Nfd7 18.Bb3 Rf6 19.Bg3 Nd3 20.Rad1 N3c5 21.e5 Rg6 22.Bc2 Rg5
23.Kh2 Nf8 24.Ne4 Nxe4 25.Bxe4 f5 26.Bc2 Be6 27.f4 Rg6 28.Bf2 h5 29.Rd2 Kf7
30.Rfd1 Ke8 31.Bh4 Nd7 32.Rd6 Nc5 33.R1d4 a5 34.b3 Ra6 35.Bg5 Rb6 36.Bd1 Rxg5
37.fxg5 g6 38.Be2 Ke7 39.Bc4 f4 40.Rxf4 Bf5 41.Rxf5 gxf5 42.g6 Kf8 43.e6 Nxe6
44.Rxe6 a4 45.Kg3 axb3 46.axb3 Rb4 47.Kf4 b5 48.Rxc6 bxc4 49.bxc4 Rb2 50.Kg5 Rxg2+
51.Kf6 Ke8 52.Re6+ Kf8 53.Ra6 Ke8 54.Ra8+  1-0

[Event "FSGM October 2012"]
[Site "Budapest HUN"]
[Date "2012.10.11"]
[Round "5.1"]
[White "Kantor,G"]
[Black "Todorovic,GM"]
[Result "1/2-1/2"]
[WhiteElo "2310"]
[BlackElo "2491"]

1.d4 d5 2.c4 c6 3.Nf3 Nf6 4.Nc3 e6 5.e3 Nbd7 6.Qc2 Bd6 7.Bd3 O-O 8.O-O c5
9.cxd5 exd5 10.Rd1 a6 11.b3 b5 12.Bb2 c4 13.bxc4 dxc4 14.Bf5 Bb7 15.Ne5 Nb6
16.a3 Qc7 17.e4 g6 18.Bh3 Na4 19.Nxa4 Bxe4 20.Qc3 bxa4 21.d5 Bxe5 22.Qxe5 Qxe5
23.Bxe5  1/2-1/2

[Event "2nd Indonesia Open"]
[Site "Jakarta INA"]
[Date "2012.10.11"]
[Round "1.7"]
[White "Krasenkow,M"]
[Black "Hamdani,R"]
[Result "1-0"]
[WhiteElo "2636"]
[BlackElo "2328"]

1.Nf3 d5 2.c4 c6 3.e3 Nf6 4.Nc3 e6 5.d4 a6 6.c5 b6 7.cxb6 Nbd7 8.Bd2 Qxb6
9.Na4 Qc7 10.Rc1 Bd6 11.Qc2 Bb7 12.Bd3 O-O 13.O-O Rfe8 14.h3 a5 15.Rfd1 Rec8
16.Be1 h6 17.Nd2 c5 18.dxc5 Nxc5 19.Nxc5 Qxc5 20.Qxc5 Bxc5 21.Nb3 Bb6 22.Bb5 Kf8
23.a4 Ke7 24.Bc3 Ne4 25.Bxg7 f6 26.Nd4 h5 27.Bh6 e5 28.Nf5+ Ke6 29.g4 hxg4
30.hxg4 Nc5 31.Kf1 Rc7 32.f3 Rac8 33.e4 Nb3 34.exd5+ Bxd5 35.Bd7+ Rxd7 36.Rxc8 Bc5
37.Ke1 Bxf3 38.Re8+ Kf7 39.Rxd7+ Kxe8 40.Rd3 Bb4+ 41.Kf2 Bxg4 42.Ng7+ Kf7
43.Rxb3 Kg6 44.Rg3 f5 45.Nxf5 Kxf5 46.b3 e4 47.Bc1 Be7 48.Rc3 Bb4 49.Rg3 Be7
50.Rg1 Bh4+ 51.Ke3 Bf3 52.Rf1 Kg4 53.Kd4 Bf6+ 54.Kc5 Bc3 55.Be3 Kg3 56.Kd5 Bb4
57.Kd4 Kg4 58.Rg1+ Kf5 59.Kd5 Kf6 60.Rf1 Kf5 61.Rg1 Kf6 62.Rg3 Be1 63.Rh3 Kf5
64.Kc4 Bb4 65.Rh2 Kg4 66.Ra2 Kg3 67.Kd4 Bd1 68.Kxe4 Bxb3 69.Bf4+ Kg4 70.Rg2+ Kh4
71.Kf5  1-0

[Event "TATA 50th ch-IND National Premier 2012"]
[Site "Kolkata IND"]
[Date "2012.10.11"]
[Round "10.5"]
[White "Kunte,A"]
[Black "Arun Prasad,S"]
[Result "1/2-1/2"]
[WhiteElo "2518"]
[BlackElo "2510"]

1.d4 d5 2.c4 c6 3.Nc3 Nf6 4.e3 e6 5.Nf3 Nbd7 6.Qc2 g6 7.Be2 Bg7 8.O-O O-O
9.b3 Re8 10.Bb2 b6 11.Rfd1 Bb7 12.Rac1 Rc8 13.Qb1 Qe7 14.Qa1 Red8 15.a4 c5
16.a5 dxc4 17.bxc4 cxd4 18.Ba3 Qe8 19.exd4 Ne4 20.Nxe4 Bxe4 21.Bb2 Qe7 22.Ba3 Qe8
23.Bb2 Qe7 24.Ba3 Qe8 25.Bb2 Qe7 26.Ba3  1/2-1/2